000 00438cam a22001337a 4500
008 180718b1998 xxu||||| |||| 00| 0 eng d
020 _a0750639873
082 _aI5 Z16
100 _aZairi, Mohamed
245 _aEffective management of Benchmarking projects: practical guidelines and examples of best practice
_cby Mohamed Zairi
260 _aOxford
_bButterworth-Heinemann
_c1998
300 _a348p.
650 _aBenchmarking (Management)
999 _c391883
_d391883